| 000 | 01718cam a2200397 a 4500 | ||
|---|---|---|---|
| 001 | adoptionoptionch00rube | ||
| 003 | CaSfIA | ||
| 005 | 20210117182045.0 | ||
| 007 | cr|||| | ||
| 008 | 950509s1996 nyua b 000 0 eng | ||
| 010 | _a 95004725 | ||
| 040 |
_aDLC _cDLC _dBTCTA _dYDXCP _dCaSfIA |
||
| 020 | _a0876054254 | ||
| 020 | _a9780876054253 | ||
| 035 | _a(OCoLC)32550424 | ||
| 050 | 0 | 0 |
_aSF427 _b.R85 1996 |
| 082 | 0 | 0 |
_a636.7/0887 _220 |
| 100 | 1 | _aRubenstein, Eliza. | |
| 245 | 1 | 4 |
_aThe adoption option : _h[electronic resource] _bchoosing and raising the shelter dog for you / _cby Eliza Rubenstein and Shari Kalina. |
| 260 |
_aNew York : _bHowell Book House, _cc1996. |
||
| 300 |
_axi, 180 p. : _bill. ; _c24 cm. |
||
| 500 | _a"A Howell dog book of distinction"--P. 4 of cover. | ||
| 504 | _aIncludes bibliographical references (p. 177-178). | ||
| 650 | 0 | _aDogs. | |
| 650 | 0 | _aDog adoption. | |
| 650 | 0 | _aAnimal shelters. | |
| 700 | 1 | _aKalina, Shari. | |
| 856 | 4 | 1 |
_uhttp://www.archive.org/details/adoptionoptionch00rube _zFree eBook from the Internet Archive |
| 856 | 4 | 2 |
_uhttp://www.openlibrary.org/books/OL1273319M _zAdditional information and access via Open Library |
| 029 | 1 |
_aYDXCP _b925137 |
|
| 029 | 1 |
_aAU@ _b000011660298 |
|
| 999 |
_c465666 _d465666 |
||
| 942 | _cEB | ||
| 506 | _fНеобхідна авторизація на https://archive.org/ (створення облікового запису безкоштовно) | ||
| 506 | _fНеобхідна авторизація на https://openlibrary.org/ (створення облікового запису безкоштовно) | ||